The law of evidence

Salvato in:
Dettagli Bibliografici
Autore principale: Dennis, I. H.
Natura: Libro
Pubblicazione: London: Sweet & Maxwell c2013.
Edizione:5th ed
Soggetti:
Tags: Aggiungi Tag
Nessun Tag, puoi essere il primo ad aggiungerne!!

MARC

LEADER 00000nam a22000007a 4500
005 20251007085138.0
020 |a 9780414025622  |c 144, 872/= 
040 |a MCCL  |b eng.  |e AACR 2nd rev. ed. 
082 |a 347.06 DEN 
100 |a Dennis, I. H. 
245 |a The law of evidence  |c / I. H. Dennis 
250 |a 5th ed 
260 |a London:   |b Sweet & Maxwell  |c c2013. 
300 |a  lxxxvii, 925 p. :  |c 23 cm. 
504 |a Includes index  
546 |a eng. 
650 |a Evidence (Law) Wales 
650 |a Evidence (Law) Great Britain 
650 |a Matériel juridique 
700 |a Dennis, I. H. 
942 |c BK 
999 |c 12178  |d 12178